[Event "SVK-chT4 A21 2223"]
[Site "Slovakia"]
[Date "2022.11.27"]
[Round "4.4"]
[White "Kuracina, Lubomir"]
[Black "Mraz, Jan"]
[Result "0-1"]
[WhiteElo "1356"]
[BlackElo "1593"]
[PlyCount "48"]
[EventDate "2022.10.09"]
[EventType "team-tourn"]
[EventRounds "11"]
[EventCountry "SVK"]
[SourceTitle "EXT 2024"]
[Source "ChessBase"]
[SourceDate "2023.10.10"]
[SourceVersion "1"]
[SourceVersionDate "2023.10.10"]
[SourceQuality "1"]
[WhiteTeam "Chtelnica Kamenar"]
[BlackTeam "Petrova Ves"]
[WhiteTeamCountry "SVK"]
[BlackTeamCountry "SVK"]

1. e4 b6 2. d4 Bb7 3. d5 c6 4. c4 cxd5 5. cxd5 g6 6. Nc3 Bg7 7. Nf3 a6 8. Be3 d6 9. Qb3 Nd7 10. a3 Ngf6 11. Bd3 0-0 12. h3 Rc8 13. 0-0 Nc5 14. Bxc5 dxc5 15. Rac1 b5 16. Bb1 c4 17. Qd1 Nd7 18. Nd2 Nc5 19. Qe2 Qd6 20. f4 e6 21. e5 Qd7 22. d6 Qc6 23. Be4 Nxe4 24. Qxe4 Qc5+ 0-1

[Event "SVK-chT4 A21 1920"]
[Site "Slovakia"]
[Date "2019.10.27"]
[Round "2.5"]
[White "Kuracina, Lubomir"]
[Black "Damborsky, Pavol"]
[Result "1/2-1/2"]
[WhiteElo "1397"]
[BlackElo "1581"]
[PlyCount "90"]
[EventDate "2019.10.13"]
[EventType "team-tourn"]
[EventRounds "11"]
[EventCountry "SVK"]
[SourceTitle "CBM 193 Extra"]
[Source "ChessBase"]
[SourceDate "2020.01.31"]
[SourceVersion "1"]
[SourceVersionDate "2020.01.31"]
[SourceQuality "1"]
[WhiteTeam "Chtelnica Kamenar"]
[BlackTeam "Kopcany"]
[WhiteTeamCountry "SVK"]
[BlackTeamCountry "SVK"]

1. e4 e5 2. Nf3 d6 3. d4 exd4 4. Nxd4 Nf6 5. Bd3 h6 6. f4 Bg4 7. Nf3 Nbd7 8. c4 Be7 9. Nc3 0-0 10. 0-0 Bxf3 11. Qxf3 c6 12. Be3 Qc7 13. b3 a6 14. Rac1 Rad8 15. Rfd1 Rfe8 16. Rc2 c5 17. Bc1 Nb8 18. Bb2 Nc6 19. Ne2 Nb4 20. Bxf6 Bxf6 21. Rcd2 Nxd3 22. Qxd3 Qe7 23. Qd5 Qxe4 24. Kf1 Qxd5 25. Rxd5 Be7 26. Ng3 Bf8 27. Re1 Rxe1+ 28. Kxe1 g6 29. Kd2 Re8 30. a3 a5 31. h4 h5 32. Ne2 f5 33. Nc3 Re6 34. Nb5 Kf7 35. b4 axb4 36. axb4 b6 37. g3 Ke7 38. Rd3 Re4 39. Nxd6 Rd4 40. bxc5 Rxd3+ 41. Kxd3 bxc5 42. Nc8+ Ke6 43. Nb6 Bg7 44. Nd5 Kd6 45. Ke3 Bd4+ 1/2-1/2

[Event "SVK-chT4 A21 1920"]
[Site "Slovakia"]
[Date "2019.10.13"]
[Round "1.5"]
[White "Mraz, Jan"]
[Black "Kuracina, Lubomir"]
[Result "1-0"]
[WhiteElo "1661"]
[BlackElo "1397"]
[PlyCount "120"]
[EventDate "2019.10.13"]
[EventType "team-tourn"]
[EventRounds "11"]
[EventCountry "SVK"]
[SourceTitle "CBM 193 Extra"]
[Source "ChessBase"]
[SourceDate "2020.01.31"]
[SourceVersion "1"]
[SourceVersionDate "2020.01.31"]
[SourceQuality "1"]
[WhiteTeam "Gbely Nafta III"]
[BlackTeam "Chtelnica Kamenar"]
[WhiteTeamCountry "SVK"]
[BlackTeamCountry "SVK"]

1. d4 d5 2. e3 e6 3. Bd3 a6 4. b3 h6 5. c4 c5 6. Nf3 Nc6 7. Bb2 Nf6 8. Nbd2 Rb8 9. a3 b5 10. cxb5 axb5 11. dxc5 Bxc5 12. Rc1 Qb6 13. Qc2 Bxe3 14. Qxc6+ Qxc6 15. Rxc6 Bxd2+ 16. Nxd2 Bd7 17. Rc5 Ke7 18. 0-0 Rhc8 19. Rfc1 Rxc5 20. Rxc5 Ne8 21. Be5 Rb7 22. b4 f6 23. Bb2 Kd6 24. Nb3 e5 25. Bg6 Nc7 26. Bh5 g5 27. h3 f5 28. Rc2 Ne6 29. g3 d4 30. Rd2 Bc6 31. Na5 Rc7 32. Nxc6 Rxc6 33. Be2 Rb6 34. f3 f4 35. g4 Nc7 36. Rc2 Rc6 37. Rxc6+ Kxc6 38. Bd3 Ne8 39. Be4+ Kb6 40. Kf2 Nd6 41. Bd3 Kc6 42. Ke2 Kd5 43. Kf2 Ke6 44. Be4 Kd7 45. Ke2 Ke6 46. Kd3 Kf6 47. Bxd4 exd4 48. Kxd4 Nc4 49. Kc5 Nxa3 50. Bd3 Ke5 51. Bxb5 Nxb5 52. Kxb5 Kd4 53. Kc6 Ke3 54. b5 Kxf3 55. b6 Kg3 56. b7 Kxh3 57. b8Q Kxg4 58. Qb1 h5 59. Qg1+ Kh4 60. Kd5 g4 1-0

[Event "SVK-chT4 A21 1718"]
[Site "Slovakia"]
[Date "2018.01.14"]
[Round "7.5"]
[White "Kuracina, Lubomir"]
[Black "Nedorost, Lubomir"]
[Result "1-0"]
[WhiteElo "1504"]
[BlackElo "1627"]
[PlyCount "185"]
[EventDate "2017.10.01"]
[EventType "team-tourn"]
[EventRounds "11"]
[EventCountry "SVK"]
[SourceTitle "EXT 2019"]
[Source "ChessBase"]
[SourceDate "2018.10.10"]
[SourceVersion "1"]
[SourceVersionDate "2018.10.10"]
[SourceQuality "1"]
[WhiteTeam "Chtelnica Kamenar"]
[BlackTeam "Piestany Kupele II"]
[WhiteTeamCountry "SVK"]
[BlackTeamCountry "SVK"]

1. e4 c5 2. f4 d6 3. h3 Nc6 4. Nf3 Nf6 5. d3 g6 6. Be2 Bg7 7. c4 Be6 8. 0-0 Qd7 9. Rf2 Nh5 10. a3 Nd4 11. Ra2 Ng3 12. Bf1 Nxf1 13. Kxf1 Bxh3 14. gxh3 Qxh3+ 15. Ke1 Qh1+ 16. Kd2 Nxf3+ 17. Qxf3 Qh4 18. b4 Bd4 19. Rg2 a5 20. bxc5 dxc5 21. Nc3 Qh1 22. Bb2 h5 23. Nd5 Rc8 24. Ra1 Qh4 25. Bxd4 cxd4 26. Qg3 Qg4 27. Qxg4 hxg4 28. Rxg4 Rh2+ 29. Kc1 b5 30. Rg1 bxc4 31. dxc4 Rxc4+ 32. Kb1 d3 33. Ra2 d2 34. Rc2 Rxe4 35. Rc8+ Kd7 36. Nb6+ Ke6 37. Rd1 Re1 38. Kc2 Rhh1 39. Rxd2 Rb1 40. Rc6+ Kf5 41. Kd3 Rb3+ 42. Kc4 Rxa3 43. Kb5 Rb1+ 44. Ka6 Kxf4 45. Rf2+ Rf3 46. Nd5+ Kg3 47. Rxf3+ Kxf3 48. Kxa5 e6 49. Nf6 Kf4 50. Rc7 Ra1+ 51. Kb4 Rb1+ 52. Ka3 g5 53. Rxf7 Rb5 54. Nd5+ Kg3 55. Nb4 Rf5 56. Re7 e5 57. Kb3 Kf3 58. Kc3 g4 59. Kd2 g3 60. Ke1 e4 61. Kf1 e3 62. Nc2 g2+ 63. Kg1 e2 64. Re3+ Kg4 65. Rxe2 Kg3 66. Rxg2+ Kf4 67. Re2 Rg5+ 68. Kf2 Rh5 69. Kg2 Rg5+ 70. Kh3 Kf3 71. Nd4+ Kf4 72. Ne6+ Kf3 73. Nd4+ Kf4 74. Re6 Rg3+ 75. Kh4 Rg8 76. Ne2+ Kf5 77. Re3 Rg4+ 78. Kh3 Rg8 79. Rf3+ Ke4 80. Rf7 Ke3 81. Ng3 Ra8 82. Kg4 Ra4+ 83. Kg5 Ra5+ 84. Nf5+ Ke4 85. Re7+ Kf3 86. Re3+ Kf2 87. Rb3 Ra4 88. Nd6 Rd4 89. Nb5 Rc4 90. Kf5 Rh4 91. Nd6 Ra4 92. Ne4+ Ke2 93. Nc3+ 1-0

[Event "SVK-chT4 A21 1617"]
[Site "Slovakia"]
[Date "2016.12.04"]
[Round "5.5"]
[White "Stolar, Michal"]
[Black "Kuracina, Lubomir"]
[Result "1/2-1/2"]
[WhiteElo "1630"]
[BlackElo "1513"]
[PlyCount "122"]
[EventDate "2016.10.09"]
[EventType "team-tourn"]
[EventRounds "11"]
[EventCountry "SVK"]
[SourceTitle "EXT 2018"]
[Source "ChessBase"]
[SourceDate "2017.10.13"]
[SourceVersion "1"]
[SourceVersionDate "2017.10.13"]
[SourceQuality "1"]
[WhiteTeam "Piestany Kupele II"]
[BlackTeam "Chtelnica Kamenar"]
[WhiteTeamCountry "SVK"]
[BlackTeamCountry "SVK"]

1. e4 e5 2. Bc4 a6 3. a3 b5 4. Ba2 d6 5. Ne2 c5 6. c4 Bb7 7. Nbc3 Be7 8. cxb5 axb5 9. d3 Qd7 10. Qb3 Bd8 11. Qxb5 Ba6 12. Qxd7+ Nxd7 13. Bc4 Ne7 14. Bd2 f5 15. Bb5 fxe4 16. Nxe4 Bc7 17. Bxa6 Rxa6 18. Ng5 0-0 19. Ne6 Rc8 20. Nxc7 Rxc7 21. 0-0 h6 22. f4 Nc6 23. Nc3 Rb7 24. Rab1 Rab6 25. Na4 Rb3 26. Rbd1 Rxd3 27. Rf3 Rbb3 28. Rxd3 Rxd3 29. Nc3 d5 30. fxe5 Ncxe5 31. Bf4 Rxd1+ 32. Nxd1 Nd3 33. Bd2 N7e5 34. Kf1 Nc4 35. Ke2 Ndxb2 36. Nxb2 Nxb2 37. Bc1 Na4 38. Kd3 Kf7 39. h4 Ke6 40. Bf4 Kf5 41. g3 g5 42. hxg5 hxg5 43. Bd6 g4 44. Bf8 Ke6 45. Ke3 Ke5 46. Bg7+ Kf5 47. Bf8 c4 48. Kd4 Ke6 49. Bb4 Nb6 50. Bc5 Nd7 51. Bb4 Ne5 52. Bc3 Nd3 53. a4 Kd6 54. a5 Kc6 55. a6 Nf2 56. a7 Kb7 57. Kxd5 Nh1 58. Kxc4 Nxg3 59. Be5 Nf5 60. Kd3 g3 61. Ke2 Nd6 1/2-1/2